| 000 | 00996nam a22002777a 4500 | ||
|---|---|---|---|
| 001 | BD-DhSAU 9278 | ||
| 003 | BD-DhSAU | ||
| 005 | 20260430105037.0 | ||
| 008 | 260430b2018 bg a|||| m||| 00| 0 eng d | ||
| 040 | _aBD-DhSAU | ||
| 082 |
_222 _a639.3 _bZ82 |
||
| 100 |
_aNadia, Zubayda Mushtari _eRegistration # 2202030402 |
||
| 245 |
_aRedescription of genarchopsis cuchiai isolated from type-host, monopterus cuchia in bangladesh molicular characterization / _bMS thesis |
||
| 260 |
_aSylhet Agricultural University : _bDepartment of Fish Health Management, _c2023. |
||
| 300 |
_axii, 79p. : _bill. ; _c30 cm. |
||
| 500 | _aMS thesis of | ||
| 504 | _aIncludes bibliographical reference. | ||
| 590 | _aNazmul | ||
| 650 | _a genarchopsis cuchiai isolated | ||
| 650 | _atype-host, monopterus cuchia | ||
| 651 | _amolicular characterization | ||
| 700 |
_aProf. Dr. M M Mahbub Alam _eSuperviser |
||
| 710 |
_eCo-Superviser _aProf. Dr. Yeseul king |
||
| 942 |
_2ddc _cTHESIS |
||
| 999 |
_c18350 _d18349 |
||